Ballets by Picture Quiz Stats

Quiz Updated Dec 22, 2015

Challenge
Share
Tweet
Score 0/20 Timer 10:00
13 Plays Today
% Correct
The Nutcracker
98.1%
Cinderella
89.4%
Sleeping Beauty
88.5%
Swan Lake
88.1%
Peter Pan
80.8%
Romeo and Juliet
79.7%
A Midsummer Night's Dream
54.9%
Carmen Suite
49.2%
The Firebird
48.8%
Coppélia
31.2%
% Correct
The Rite of Spring
30.5%
Giselle
29.2%
Rodeo
26.8%
Don Quixote
26.5%
Jewels
18.6%
Petrushka
18%
Appalachian Spring
15.2%
Les Sylphides
14.2%
Billy the Kid
12.6%
Fancy Free
10.4%

You're not logged in!

Compare scores with friends on all Sporcle quizzes.
Sign Up with Email
OR
Log In

You Might Also Like...

Show Comments

Extras

Top Quizzes Today


Score Distribution

Your Account Isn't Verified!

In order to create a playlist on Sporcle, you need to verify the email address you used during registration. Go to your Sporcle Settings to finish the process.